000 00374cam a2200157ua 4500
020 _cRs.3/-
041 _aeng
_h
082 _a891.54
_bABH/KA
100 _aKalidas, .
245 _aAbhijnan shakunthal /
_cKalidas.
_hTextual Documents
260 _a :
_bRajpal and sanch ,
_c1965.
300 _a162 ; .
365 _aRs.3/-
504 _a
999 _c11627
_d11627